000 00532nam a2200181Ia 4500
999 _c21448
_d21448
003 OSt
005 20200625101103.0
008 190216s9999||||xx |||||||||||||| ||und||
020 _a8175362499
040 _coclc
082 _a954.035
_bLOV/H
100 _aLovett, Verney
_93221
245 0 _aA History Of The Indian Nationalist Movement /
_cVerney Lovett
260 _bLow Price Publications,
_c2001.
_aDelhi:
300 _a285p
650 _aHistory
942 _cBK
_2ddc
_h954.035
_iLOV/H
_k954.035
_mLOV/H